Severn Trent Water Ltd v Barnes (Record no. 117412)

MARC details
000 -LEADER
fixed length control field 01980cam a2200277 4500
001 - CONTROL NUMBER
control field ABS67785
008 - FIXED-LENGTH DATA ELEMENTS--GENERAL INFORMATION
fixed length control field 040528n2004 000 0 eng u
035 ## - SYSTEM CONTROL NUMBER
System control number (Sirsi) u126308
245 ## - TITLE STATEMENT
Title Severn Trent Water Ltd v Barnes
260 ## - PUBLICATION, DISTRIBUTION, ETC.
Date of publication, distribution, etc. 2004
490 ## - SERIES STATEMENT
Series statement Estates Gazette
Volume/sequential designation 26 June 2004, 194-200(7)
520 ## - SUMMARY, ETC.
Summary, etc. [2004] EWCA Civ 570, 13 May 2004. The appellant (S) had been brought to court by the respondent (B) for trespass after S had laid water pipes under his land without giving statutory notice. S had statutory powers to lay and maintain water mains under the Water Industry Act 1991 s159, but failed to realise B's ownership of a corner of grazing land under which the mains passed. Once S realised B's ownership, S served notice. B then sought damages for diminuition in the development and agricultural value of his land. The judge held that the land had no development value and awarded costs based on the likely reasonable outcome of any negotiations between the parties. The judge also awarded #500 as compensation for the lost opportunity to negotiate and #1 560 as restitutionary damages, based on 3 years' notional rent charge of #520 pa. However, on appeal, the award was reduced. "Held": that there was no basis for the restitutionary damages. View judgment at www.bailii.org.
590 ## - LOCAL NOTE (RLIN)
Local note ABS
590 ## - LOCAL NOTE (RLIN)
Local note ABS
650 ## - SUBJECT ADDED ENTRY--TOPICAL TERM
Topical term or geographic name entry element SEVERN TRENT WATER LTD V BARNES
650 ## - SUBJECT ADDED ENTRY--TOPICAL TERM
Topical term or geographic name entry element WATER INDUSTRY ACT 1991 S159
650 ## - SUBJECT ADDED ENTRY--TOPICAL TERM
Topical term or geographic name entry element WAYLEAVES
650 ## - SUBJECT ADDED ENTRY--TOPICAL TERM
Topical term or geographic name entry element LAND VALUES
650 ## - SUBJECT ADDED ENTRY--TOPICAL TERM
Topical term or geographic name entry element COMPENSATION
650 ## - SUBJECT ADDED ENTRY--TOPICAL TERM
Topical term or geographic name entry element TRESPASS
650 ## - SUBJECT ADDED ENTRY--TOPICAL TERM
Topical term or geographic name entry element RESTITUTIONARY DAMAGES
690 ## - LOCAL SUBJECT ADDED ENTRY--TOPICAL TERM (OCLC, RLIN)
Topical term or geographic name as entry element BOUNDARIES, PARTY WALLS AND EASEMENTS-CASE LAW
856 ## - ELECTRONIC LOCATION AND ACCESS
Uniform Resource Identifier <a href="https://www.bailii.org/cgi-bin/markup.cgi?doc=/ew/cases/EWCA/Civ/2004/570.html&query=SEVERN+TRENT&method=all">https://www.bailii.org/cgi-bin/markup.cgi?doc=/ew/cases/EWCA/Civ/2004/570.html&query=SEVERN+TRENT&method=all</a>
Public note View judgment on the BAILII website...
856 ## - ELECTRONIC LOCATION AND ACCESS
Uniform Resource Identifier <a href="https://www.bailii.org/cgi-bin/markup.cgi?doc=/ew/cases/EWCA/Civ/2004/570.html&query=SEVERN+TRENT&method=all">https://www.bailii.org/cgi-bin/markup.cgi?doc=/ew/cases/EWCA/Civ/2004/570.html&query=SEVERN+TRENT&method=all</a>
Public note View judgment on the BAILII website...
942 ## - ADDED ENTRY ELEMENTS (KOHA)
Suppress in OPAC 0
Holdings
Withdrawn status Lost status Source of classification or shelving scheme Damaged status Not for loan Home library Current library Shelving location Date acquired Total Checkouts Full call number Barcode Date last seen Copy number Price effective from Koha item type
    Dewey Decimal Classification     London London Journal article 28/05/2004   ABS67785 126308-1001 06/08/2019 1 06/08/2019 Journal article